000 00428nam a2200181Ia 4500
005 20250423101735.0
008 250422s9999 xx 000 0 und d
020 _a978-0-19-976627-7
050 _aD 217 .S75/
245 0 _aWorld politics in a new era
250 _a5th ed.
260 _aNew York
260 _bOxford University Press
260 _c2009
300 _a673 p
650 _aPolitical Science
942 _cBK
999 _c37140
_d37140